DÜNYA ATI (Record no. 1152132)

MARC details
000 -LEADER
sabit uzunluktaki kontrol alanı 00238nam a2200097Ia 4500
001 - KONTROL NUMARASI
kontrol alanı 1152132
005 - EN SON İŞLEMİN TARİH VE ZAMANI
kontrol alanı 20250827011100.0
008 - SABİT-UZUNLUKTA VERİ ÖĞELERİ--GENEL BİLGİ
sabit uzunluktaki kontrol alanı 250824s9999 xx 000 0 und d
245 #0 - ESER / YAZAR
ESER ADI DÜNYA ATI
Yazar Adı AYŞEGÜL GENÇ
260 ## - YAYIN, DAĞITIM, VB.
YAYIN EVİ MUHİT KİTAP
Holdings
Düşüm durumu Kayıp durumu Hasar Durumu Ödünç verilmez Ana kütüphane Geçerli Kütüphane Edinilen tarih Toplam ödünç verme sayısı Barkod Son görüntüleme tarihi Fiyatın geçerli olmaya başladığı tarih Koha materyal türü
        SELÇUKLU BELEDİYESİ SIZMA ALPARSLAN İLKOKULU SELÇUKLU BELEDİYESİ SIZMA ALPARSLAN İLKOKULU 24.08.2025   10973120 27.08.2025 27.08.2025 Books